Behind the secret window : (Record no. 9676)
[ view plain ]
| 000 -LEADER | |
|---|---|
| fixed length control field | 01614cam a2200385 a 4500 |
| 001 - CONTROL NUMBER | |
| control field | 2504408 |
| 003 - CONTROL NUMBER IDENTIFIER | |
| control field | OSt |
| 005 - DATE AND TIME OF LATEST TRANSACTION | |
| control field | 20140310182130.0 |
| 008 - FIXED-LENGTH DATA ELEMENTS--GENERAL INFORMATION | |
| fixed length control field | 920529s1993 nyua j 000 0aeng |
| 010 ## - LIBRARY OF CONGRESS CONTROL NUMBER | |
| LC control number | 92021831 |
| 020 ## - INTERNATIONAL STANDARD BOOK NUMBER | |
| International Standard Book Number | 9780439611817 |
| 040 ## - CATALOGING SOURCE | |
| Original cataloging agency | DLC |
| Transcribing agency | DLC |
| Modifying agency | DLC |
| -- | OCoLC |
| -- | DLC |
| 042 ## - AUTHENTICATION CODE | |
| Authentication code | lcac |
| 043 ## - GEOGRAPHIC AREA CODE | |
| Geographic area code | e-ur-un |
| 050 00 - LIBRARY OF CONGRESS CALL NUMBER | |
| Classification number | DS 135.R93 |
| Item number | .T651 1993 |
| 082 00 - DEWEY DECIMAL CLASSIFICATION NUMBER | |
| Classification number | HS 940.53 |
| Item number | .T57 2004 |
| 100 1# - MAIN ENTRY--PERSONAL NAME | |
| Personal name | Toll, Nelly S. |
| 245 10 - TITLE STATEMENT | |
| Title | Behind the secret window : |
| Remainder of title | a memoir of a hidden childhood during World War Two / |
| Statement of responsibility, etc | Nelly S. Toll. |
| 260 ## - PUBLICATION, DISTRIBUTION, ETC. (IMPRINT) | |
| Place of publication, distribution, etc | New York : |
| Name of publisher, distributor, etc | Scholastic Inc, |
| Date of publication, distribution, etc | c1993. |
| 300 ## - PHYSICAL DESCRIPTION | |
| Extent | xiii, 161 p. : |
| Other physical details | ill. ; |
| Dimensions | 19 cm. |
| 541 ## - IMMEDIATE SOURCE OF ACQUISITION NOTE | |
| -- | 1 |
| 562 ## - COPY AND VERSION IDENTIFICATION NOTE | |
| Number of copies | 1 |
| 600 10 - SUBJECT ADDED ENTRY--PERSONAL NAME | |
| Personal name | Toll, Nelly S. |
| General subdivision | Juvenile literature. |
| 9 (RLIN) | 14623 |
| 600 11 - SUBJECT ADDED ENTRY--PERSONAL NAME | |
| Personal name | Toll, Nelly S. |
| 650 #0 - SUBJECT ADDED ENTRY--TOPICAL TERM | |
| Topical term or geographic name as entry element | Jews |
| General subdivision | Persecutions |
| Geographic subdivision | Ukraine |
| -- | Lʹviv |
| General subdivision | Juvenile literature. |
| 9 (RLIN) | 14624 |
| 650 #0 - SUBJECT ADDED ENTRY--TOPICAL TERM | |
| Topical term or geographic name as entry element | Holocaust, Jewish (1939-1945) |
| Geographic subdivision | Ukraine |
| -- | Lʹviv |
| General subdivision | Personal narratives |
| -- | Juvenile literature. |
| 9 (RLIN) | 14625 |
| 650 #0 - SUBJECT ADDED ENTRY--TOPICAL TERM | |
| Topical term or geographic name as entry element | World War, 1939-1945 |
| General subdivision | Children |
| Geographic subdivision | Ukraine |
| -- | Lʹviv |
| General subdivision | Juvenile literature. |
| 9 (RLIN) | 14626 |
| 650 #1 - SUBJECT ADDED ENTRY--TOPICAL TERM | |
| Topical term or geographic name as entry element | Jews |
| General subdivision | Persecutions |
| Geographic subdivision | Ukraine |
| -- | Lʹviv. |
| 9 (RLIN) | 14627 |
| 650 #1 - SUBJECT ADDED ENTRY--TOPICAL TERM | |
| Topical term or geographic name as entry element | Holocaust, Jewish (1939-1945) |
| Geographic subdivision | Ukraine |
| -- | Lʹviv |
| General subdivision | Personal narratives. |
| 9 (RLIN) | 14628 |
| 650 #1 - SUBJECT ADDED ENTRY--TOPICAL TERM | |
| Topical term or geographic name as entry element | World War, 1939-1945 |
| Geographic subdivision | Ukraine |
| -- | Lʹviv. |
| 9 (RLIN) | 14629 |
| 651 #0 - SUBJECT ADDED ENTRY--GEOGRAPHIC NAME | |
| Geographic name | Lʹviv (Ukraine) |
| General subdivision | Ethnic relations |
| -- | Juvenile literature. |
| 9 (RLIN) | 14630 |
| 906 ## - LOCAL DATA ELEMENT F, LDF (RLIN) | |
| a | 7 |
| b | cbc |
| c | orignew |
| d | 1 |
| e | ocip |
| f | 19 |
| g | y-gencatlg |
| 942 ## - ADDED ENTRY ELEMENTS (KOHA) | |
| Source of classification or shelving scheme | Library of Congress Classification |
| Koha item type | |
| Withdrawn status | Lost status | Source of classification or shelving scheme | Damaged status | Home library | Current library | Shelving location | Date acquired | Total Checkouts | Full call number | Barcode | Date last seen | Copy number | Price effective from | Koha item type |
|---|---|---|---|---|---|---|---|---|---|---|---|---|---|---|
| Library of Congress Classification | Luxembourg Library | Luxembourg Library | High School Section | 08/28/2013 | DS 135.R93 .T651 1993 | 16953 | 03/17/2015 | 1 | 08/28/2013 | Books |